[Event "Senioren 2018"]
[Site "Bad Woerishofen"]
[Date "2018.03.01"]
[Round "7"]
[White "Braeu, Emmi"]
[Black "Luebbers, Doris"]
[Result "1/2-1/2"]
[WhiteElo "1519"]
[BlackElo "1541"]
[PlyCount "134"]
[EventDate "2018.??.??"]
[WhiteTeam "SK Marktoberdorf"]
[BlackTeam "SF Taunus"]

1. Nf3 d5 2. g3 Nf6 3. c4 c6 4. Bg2 e6 5. b3 Be7 6. Bb2 O-O 7. O-O Nbd7 8. d4
b6 9. Nbd2 Bb7 10. Rc1 Rc8 11. Rc2 Rc7 12. Qa1 h6 13. Rfc1 Qb8 14. Ne1 Rfc8 15.
Nd3 a6 16. b4 b5 17. c5 Rf8 18. e4 dxe4 19. Bxe4 Nd5 20. a3 N7f6 21. Bf3 Qd8
22. Re1 Bc8 23. Ne5 Nh7 24. Ne4 Ng5 25. Bg2 Nxe4 26. Bxe4 Bf6 27. Nf3 g6 28.
Rce2 Re7 29. Qb1 Bg7 30. Rd2 Rfe8 31. Qc2 f5 32. Bd3 Bd7 33. Ne5 Bxe5 34. dxe5
Rg7 35. Rde2 Rf8 36. Bc1 Rh7 37. g4 Ne7 38. g5 h5 39. a4 Nd5 40. Bd2 Qa8 41.
Ra1 Qb7 42. Qb3 Ra8 43. Ree1 Kg7 44. Ra2 Rhh8 45. Rea1 Rhb8 46. Kg2 Kf7 47. Kf3
Ke7 48. Ke2 Kf7 49. axb5 axb5 50. Ra5 Rxa5 51. Rxa5 Ra8 52. Qa3 Ne7 53. Kd1
Rxa5 54. Qxa5 Qc8 55. Bc2 Nd5 56. Bb3 Nc7 57. Qb6 Nd5 58. Bxd5 exd5 59. f4 Be6
60. Qa7+ Qd7 61. Qb8 Qe8 62. Qd6 Qd7 63. Bc3 Qe8 64. Kc2 Qd7 65. Kd3 Qe8 66.
Kd4 Qd7 67. Qb8 Qe8 1/2-1/2

[Event "Senioren 2018"]
[Site "Bad Woerishofen"]
[Date "2018.03.01"]
[Round "7"]
[White "Buss, Richard"]
[Black "Birkestrand, Odd"]
[Result "0-1"]
[WhiteElo "1595"]
[BlackElo "1686"]
[PlyCount "98"]
[EventDate "2018.??.??"]
[WhiteTeam "VfR Heisfelde"]

1. e4 e5 2. Nf3 Nc6 3. Bc4 Nf6 4. d3 Be7 5. O-O d6 6. h3 Na5 7. Bb3 Nxb3 8.
axb3 O-O 9. Nc3 h6 10. Ne2 Be6 11. c4 a6 12. Ng3 c5 13. Nh2 Nh7 14. f4 exf4 15.
Bxf4 Bg5 16. Bxg5 Qxg5 17. Qf3 Qe5 18. Qf2 g6 19. Nf3 Qg7 20. Kh1 Rae8 21. Rae1
Bd7 22. Re2 Re7 23. Rfe1 b6 24. d4 Rfe8 25. e5 dxe5 26. dxe5 Bc6 27. Ne4 Bxe4
28. Rxe4 Re6 29. Qe2 Qf8 30. g4 Qe7 31. Kg2 Qc7 32. h4 Nf8 33. h5 g5 34. Qc2
Nd7 35. Qc3 Nf6 36. R4e2 Nxg4 37. Kh3 Nf6 38. Qd3 g4+ 39. Kh4 gxf3 40. Qxf3 Nh7
41. Qf4 Qe7+ 42. Kh3 Ng5+ 43. Kh2 Kh8 44. Kg2 Qb7+ 45. Kg3 Rg8 46. Kh4 Nf3+ 47.
Kh3 Nxe1 48. Rxe1 Qg2+ 49. Kh4 Qg5+ 0-1

[Event "Senioren 2018"]
[Site "Bad Woerishofen"]
[Date "2018.03.01"]
[Round "7"]
[White "Felger, Karl"]
[Black "Oser, Thor"]
[Result "1/2-1/2"]
[WhiteElo "1775"]
[BlackElo "1650"]
[PlyCount "76"]
[EventDate "2018.??.??"]
[WhiteTeam "Schachmatt Schorndorf"]
[BlackTeam "SK Jöhlingen"]

1. d4 d5 2. e3 e6 3. a3 Nf6 4. f4 Ne4 5. Nf3 Nd7 6. b4 c6 7. c4 dxc4 8. Bxc4
Be7 9. O-O O-O 10. Qc2 Nd6 11. Ba2 g6 12. e4 Nb5 13. a4 Nc7 14. Bd2 Bf6 15. Bc3
Bg7 16. Ne5 Nxe5 17. dxe5 Na6 18. a5 b6 19. Rd1 Qc7 20. Nd2 b5 21. Nb3 Bb7 22.
Nc5 Nxc5 23. bxc5 Rfd8 24. Bb4 Rxd1+ 25. Rxd1 Rd8 26. Rd3 Rxd3 27. Qxd3 Bf8 28.
g4 Be7 29. Kg2 a6 30. h3 Qd8 31. Bb1 Qxd3 32. Bxd3 Bc8 33. f5 Bg5 34. Kg3 Be3
35. h4 Kf8 36. Kf3 Bd4 37. fxg6 fxg6 38. Kf4 h6 1/2-1/2

[Event "Senioren 2018"]
[Site "Bad Woerishofen"]
[Date "2018.03.01"]
[Round "7"]
[White "Flockerzi, Armin"]
[Black "Singeisen, Hermann"]
[Result "1/2-1/2"]
[WhiteElo "1772"]
[BlackElo "1972"]
[PlyCount "110"]
[EventDate "2018.??.??"]
[WhiteTeam "VfR-SC Koblenz"]

1. c4 e5 2. e3 Nf6 3. d3 d6 4. Nc3 Be7 5. Be2 O-O 6. Bf3 c6 7. Nge2 Re8 8. Ng3
Be6 9. Qb3 Qc7 10. O-O Na6 11. Bd2 Rad8 12. Rac1 Qb8 13. Qc2 d5 14. b3 dxc4 15.
dxc4 Nb4 16. Qd1 Qd6 17. Nge4 Nxe4 18. Nxe4 Qc7 19. a3 Nd3 20. Ra1 f5 21. Ng3
e4 22. Be2 Bf6 23. Ra2 Nc5 24. Qc2 Nd7 25. Nh5 Be5 26. Ng3 g6 27. Bc3 Bxc3 28.
Qxc3 Qe5 29. Qc2 c5 30. Raa1 h5 31. Rfd1 h4 32. Nf1 Nf6 33. h3 b6 34. Rac1 Kf7
35. Rd2 Rd7 36. Rxd7+ Bxd7 37. Rd1 Bc6 38. Qd2 Ke7 39. Nh2 Nd7 40. f4 Qf6 41.
b4 Ba4 42. Rc1 Rd8 43. Qe1 g5 44. fxg5 Qxg5 45. Bd1 Bc6 46. Qf2 Ne5 47. Bc2 Nd3
48. Bxd3 Rxd3 49. Nf1 Ke6 50. Qb2 f4 51. exf4 Qxf4 52. Re1 Rd4 53. Qe2 Kd6 54.
Qh5 Kc7 55. bxc5 Rxc4 1/2-1/2

[Event "Senioren 2018"]
[Site "Bad Woerishofen"]
[Date "2018.03.01"]
[Round "7"]
[White "Gailis, Gunnar"]
[Black "Gulinelli, Euro"]
[Result "1/2-1/2"]
[WhiteElo "1746"]
[BlackElo "1532"]
[PlyCount "123"]
[EventDate "2018.??.??"]
[WhiteTeam "SV Hilden"]

1. d4 Nf6 2. c4 g6 3. Nc3 Bg7 4. Nf3 O-O 5. g3 c6 6. Bg2 d6 7. O-O Nbd7 8. Re1
Nb6 9. b3 Qc7 10. Bb2 Bd7 11. Rc1 Bh6 12. e3 Rfd8 13. Qe2 e5 14. dxe5 dxe5 15.
Nb1 Re8 16. Rcd1 Bg4 17. h3 Bxf3 18. Bxf3 Bg7 19. e4 Rad8 20. Rxd8 Rxd8 21. c5
Nbd7 22. b4 b6 23. cxb6 axb6 24. g4 Ne8 25. Bc1 Nd6 26. Rd1 Nb5 27. Be3 Nd4 28.
Bxd4 exd4 29. Bg2 Ne5 30. f4 d3 31. Qf1 Nc4 32. Rxd3 Bd4+ 33. Kh1 Ne3 34. Qf3
Nc2 35. Qe2 Nxb4 36. Rf3 c5 37. a3 Nc6 38. e5 Ne7 39. Rb3 c4 40. Rb4 c3 41. Rc4
Qa7 42. Nxc3 Qxa3 43. Nb5 Qa1+ 44. Qf1 Qxf1+ 45. Bxf1 Bc5 46. Nc3 Rd4 47. Rxd4
Bxd4 48. Nb5 Be3 49. f5 gxf5 50. gxf5 Nxf5 51. Bc4 Kf8 52. Kg2 Bc5 53. Kf3 Nh4+
54. Kg4 Ng6 55. Kf5 Ke7 56. Ke4 h6 57. Nc7 Bg1 58. Nd5+ Kf8 59. Nf4 Ne7 60. Nh5
Ng6 61. Nf4 Ne7 62. Nh5 1/2-1/2

[Event "Senioren 2018"]
[Site "Bad Woerishofen"]
[Date "2018.03.01"]
[Round "7"]
[White "Gepting, Konrad"]
[Black "Titz, Waldemar"]
[Result "0-1"]
[WhiteElo "1585"]
[BlackElo "1770"]
[PlyCount "106"]
[EventDate "2018.??.??"]
[WhiteTeam "SK Marktoberdorf"]
[BlackTeam "SV Rottweil"]

1. b3 e5 2. Bb2 d6 3. e3 Nf6 4. Nc3 Be7 5. h3 O-O 6. Qf3 c6 7. Nge2 Be6 8. Ng3
Nbd7 9. Nf5 Nd5 10. Nxe7+ Qxe7 11. Nxd5 Bxd5 12. e4 Be6 13. c4 f5 14. Qe3 fxe4
15. g4 d5 16. Be2 Nf6 17. g5 Nd7 18. h4 Qf7 19. Rh2 Qf4 20. Qxf4 Rxf4 21. O-O-O
Bg4 22. Bxg4 Rxg4 23. d4 exd3 24. Rxd3 Nc5 25. Rd1 dxc4 26. bxc4 Rxc4+ 27. Kb1
Re8 28. Rh3 Na4 29. a3 Nxb2 30. Kxb2 Rf4 31. f3 c5 32. h5 b6 33. g6 Rd4 34.
gxh7+ Kxh7 35. Rg1 Re6 36. Rhg3 Rd7 37. a4 a6 38. Rg6 Rf6 39. R1g3 Rdf7 40. Kc2
b5 41. a5 Kh8 42. Kd2 Rxg6 43. hxg6 Rd7+ 44. Ke3 b4 45. Ke4 b3 46. f4 b2 47.
Rb3 Rd4+ 48. Kxe5 Rb4 49. Rxb2 Rxb2 50. Kd5 Rb5 51. Ke5 Rxa5 52. Ke6 Kg8 53. f5
c4 0-1

[Event "Senioren 2018"]
[Site "Bad Woerishofen"]
[Date "2018.03.01"]
[Round "7"]
[White "Goldinger, Josef"]
[Black "Narr, Irmgard"]
[Result "1-0"]
[WhiteElo "1795"]
[BlackElo "1679"]
[PlyCount "151"]
[EventDate "2018.??.??"]
[WhiteTeam "SV Rottweil"]
[BlackTeam "SC Mühlhof-Reichelsdorf"]

1. e4 e6 2. d4 b6 3. Nf3 Bb7 4. Bd3 Be7 5. h3 d6 6. Nc3 Nf6 7. Be3 Nbd7 8. Qe2
c5 9. dxc5 dxc5 10. O-O-O O-O 11. Bf4 a6 12. e5 Nd5 13. Nxd5 Bxd5 14. Be4 Bxe4
15. Qxe4 Qc7 16. Rd2 Rfe8 17. Rhd1 Nf8 18. h4 b5 19. Bg3 b4 20. Qc4 a5 21. Qb5
Rab8 22. Qa4 Red8 23. Rxd8 Rxd8 24. Rxd8 Qxd8 25. Nd2 h6 26. c3 Bxh4 27. Bxh4
Qxh4 28. g3 Qg5 29. Qxa5 bxc3 30. Qxc3 Nd7 31. f4 Qh5 32. Qd3 Qh1+ 33. Kc2 Qc6
34. b3 Nb6 35. Ne4 Nd5 36. Kb2 Nb4 37. Qc4 Na6 38. a3 Kh7 39. b4 Qb6 40. Nxc5
Nc7 41. Qe4+ g6 42. Qb7 Qxb7 43. Nxb7 Kg8 44. Kb3 Kf8 45. Kc4 Ke7 46. Kc5 Nd5
47. Kc6 h5 48. Nc5 Nxf4 49. gxf4 h4 50. Ne4 h3 51. Ng3 h2 52. Kc7 f6 53. exf6+
Kxf6 54. Kd6 g5 55. fxg5+ Kxg5 56. Kxe6 Kg4 57. Nh1 Kf3 58. b5 Kg2 59. b6 Kxh1
60. b7 Kg1 61. b8=Q h1=Q 62. Qb1+ Kg2 63. Qxh1+ Kxh1 64. a4 Kg2 65. a5 Kf3 66.
a6 Ke4 67. a7 Kd4 68. a8=Q Kc3 69. Qd5 Kb4 70. Qc6 Kb3 71. Kd5 Kb2 72. Kd4 Kb1
73. Kd3 Ka1 74. Qb5 Ka2 75. Kc2 Ka3 76. Qb3# 1-0

[Event "Senioren 2018"]
[Site "Bad Woerishofen"]
[Date "2018.03.01"]
[Round "7"]
[White "Goris, Ton"]
[Black "Harke, Horst"]
[Result "1-0"]
[WhiteElo "1939"]
[BlackElo "1789"]
[PlyCount "87"]
[EventDate "2018.??.??"]
[BlackTeam "SK Varel"]

1. e4 e5 2. d4 exd4 3. Qxd4 Nc6 4. Qe3 g6 5. Nc3 Bh6 6. f4 Nge7 7. Nf3 O-O 8.
Be2 d5 9. Nxd5 Nxd5 10. exd5 Qxd5 11. O-O Bf5 12. Rd1 Qe6 13. Qxe6 Bxe6 14. c3
Bg7 15. Be3 Rfd8 16. Kf2 h6 17. Bb5 Rxd1 18. Rxd1 a6 19. Bxc6 bxc6 20. a3 Rb8
21. Rd2 Bd5 22. Bd4 Bxf3 23. Kxf3 f6 24. b4 Rd8 25. Re2 Kf7 26. g4 Bf8 27. f5
gxf5 28. gxf5 Rd5 29. Ke4 Rd8 30. Kf4 a5 31. Re6 Bd6+ 32. Kf3 Be5 33. Bxe5 fxe5
34. Rxc6 axb4 35. axb4 Rd3+ 36. Ke4 Rh3 37. Rxc7+ Kf6 38. Rc6+ Kf7 39. Kxe5
Rxh2 40. Rc7+ Ke8 41. b5 h5 42. b6 Kd8 43. Rc4 Rb2 44. Rb4 1-0

[Event "Senioren 2018"]
[Site "Bad Woerishofen"]
[Date "2018.03.01"]
[Round "7"]
[White "Goris Schouwstra, Adry"]
[Black "Collins, Alan"]
[Result "1/2-1/2"]
[WhiteElo "1733"]
[BlackElo "1641"]
[PlyCount "74"]
[EventDate "2018.??.??"]

1. d4 d6 2. c4 e5 3. e4 exd4 4. Qxd4 Nc6 5. Qd1 Be6 6. Nf3 Nf6 7. Nc3 Be7 8.
Be2 O-O 9. O-O Ne5 10. b3 Nxf3+ 11. Bxf3 Nd7 12. Nd5 Bxd5 13. exd5 Bf6 14. Rb1
Ne5 15. Be2 Re8 16. Be3 Ng6 17. Bd3 Qd7 18. h3 b6 19. Qc2 Qe7 20. Rbd1 Qe5 21.
Bxg6 hxg6 22. Bd4 Qe4 23. Qb2 Bxd4 24. Rxd4 Qf5 25. Qd2 Re5 26. f4 Re7 27. g4
Qd7 28. f5 gxf5 29. gxf5 Rae8 30. Rg4 Re3 31. Qg2 f6 32. Rg6 Re2 33. Qg3 R8e3
34. Qh4 Qe7 35. Rg2 Rxg2+ 36. Kxg2 Qe5 37. Qf4 Re2+ 1/2-1/2

[Event "Senioren 2018"]
[Site "Bad Woerishofen"]
[Date "2018.03.01"]
[Round "7"]
[White "Grandl, Klaus"]
[Black "Kuenne, Lutz"]
[Result "1-0"]
[WhiteElo "1588"]
[BlackElo "1597"]
[PlyCount "99"]
[EventDate "2018.??.??"]
[WhiteTeam "Sportfr.Windach"]
[BlackTeam "KC Jena"]

1. e4 c5 2. Nf3 d6 3. Be2 Nf6 4. Nc3 g6 5. O-O Bg7 6. h3 O-O 7. a3 b6 8. Bc4
Bb7 9. d3 d5 10. exd5 Nxd5 11. Ne2 Nd7 12. Rb1 Ne5 13. Nxe5 Bxe5 14. Bh6 Bg7
15. Bxg7 Kxg7 16. Qd2 Qc7 17. Rbe1 Qc6 18. Bxd5 Qxd5 19. f3 Rae8 20. Nc3 Qd4+
21. Kh1 Bc6 22. b3 Qd6 23. Re3 b5 24. Qc1 a5 25. Qa1 f6 26. Rfe1 e5 27. Ne4 Qd4
28. c3 Qd5 29. Qd1 f5 30. Nf2 f4 31. R3e2 Rf5 32. Ne4 Rh5 33. Rb2 c4 34. bxc4
bxc4 35. dxc4 Qxc4 36. Nd6 Qxc3 37. Nxe8+ Bxe8 38. Rb7+ Bf7 39. a4 Qc6 40. Re7
Kf6 41. Rd7 Be6 42. Rd6 Qc8 43. Kh2 Qc5 44. Re2 Qc4 45. Re4 Qa2 46. Re2 Qc4 47.
Red2 Qc5 48. Qb3 Qc8 49. Rc2 Qf8 50. Qxe6+ 1-0

[Event "Senioren 2018"]
[Site "Bad Woerishofen"]
[Date "2018.03.01"]
[Round "7"]
[White "Gundersen, Helge"]
[Black "Eichler, Gottfried"]
[Result "1/2-1/2"]
[WhiteElo "2106"]
[BlackElo "2025"]
[PlyCount "20"]
[EventDate "2018.??.??"]
[BlackTeam "SV Bad Bevensen"]

1. Nf3 e6 2. b3 d5 3. Bb2 Nf6 4. e3 Bd6 5. c4 c6 6. a3 O-O 7. d4 Nbd7 8. Nbd2
Re8 9. Ne5 Ne4 10. Nxe4 dxe4 1/2-1/2

[Event "Senioren 2018"]
[Site "Bad Woerishofen"]
[Date "2018.03.01"]
[Round "7"]
[White "Halli, Gerhard"]
[Black "Semakoff, Aleks"]
[Result "1/2-1/2"]
[WhiteElo "1898"]
[BlackElo "2097"]
[PlyCount "33"]
[EventDate "2018.??.??"]
[WhiteTeam "SK Sandhausen"]

1. d4 d5 2. Bf4 Bf5 3. c4 e6 4. Nc3 Nf6 5. e3 Bd6 6. Bg3 O-O 7. Bd3 dxc4 8.
Bxc4 Ne4 9. Nxe4 Bxe4 10. f3 Bb4+ 11. Kf2 Bd5 12. Qb3 Bxc4 13. Qxc4 Nc6 14. Ne2
Qd7 15. Rhd1 Rad8 16. Rac1 Bd6 17. a3 1/2-1/2

[Event "Senioren 2018"]
[Site "Bad Woerishofen"]
[Date "2018.03.01"]
[Round "7"]
[White "Henrichsen, Erland"]
[Black "Klimpel, Siegfried"]
[Result "1/2-1/2"]
[WhiteElo "2009"]
[BlackElo "1825"]
[PlyCount "48"]
[EventDate "2018.??.??"]
[BlackTeam "TSV Kareth-Lappersdorf"]

1. e4 c5 2. Nc3 a6 3. a4 Nc6 4. f4 e6 5. Bc4 Nge7 6. Nf3 d5 7. exd5 exd5 8. Ba2
Nb4 9. O-O Nxa2 10. Rxa2 Be6 11. d4 Nc6 12. Re1 Be7 13. Ra1 Qc7 14. dxc5 Bxc5+
15. Kh1 O-O 16. Nxd5 Qa5 17. Bd2 Qd8 18. Ne3 Qf6 19. Nf1 Rad8 20. Qc1 Bd5 21.
Be3 Bd6 22. c3 Qf5 23. Ng3 Qg4 24. Rf1 h5 1/2-1/2

[Event "Senioren 2018"]
[Site "Bad Woerishofen"]
[Date "2018.03.01"]
[Round "7"]
[White "Keller, Harald"]
[Black "Kelchner, Hans"]
[Result "1-0"]
[WhiteElo "2055"]
[BlackElo "2165"]
[PlyCount "105"]
[EventDate "2018.??.??"]
[WhiteTeam "SV Rottweil"]
[BlackTeam "SK Ludwigshafen"]

1. e4 e5 2. Nc3 Bc5 3. d3 d6 4. Na4 Nc6 5. Nxc5 dxc5 6. Be3 Qd6 7. Ne2 Be6 8.
Nc3 Nd4 9. Be2 Ne7 10. O-O Ng6 11. a4 a6 12. Rc1 O-O-O 13. Bg4 Qd7 14. Bxe6
fxe6 15. Qd2 c4 16. Bg5 Ne7 17. Ne2 h6 18. Bh4 g5 19. Bg3 Ng6 20. Nxd4 Qxd4 21.
Qa5 Nf4 22. Bxf4 exf4 23. b3 cxd3 24. cxd3 Rh7 25. Rc3 g4 26. Rfc1 Rdd7 27. g3
fxg3 28. hxg3 Rhf7 29. R1c2 e5 30. b4 Kb8 31. Qc5 b6 32. Qc6 Rf3 33. Kg2 Rxd3
34. Qg6 Rxc3 35. Rxc3 Qxc3 36. Qe8+ Kb7 37. Qxd7 Qf3+ 38. Kg1 Qxe4 39. b5 axb5
40. axb5 h5 41. Qe8 Qd5 42. Qxh5 Qe6 43. Qg5 Kc8 44. Qg7 e4 45. Qd4 Kb7 46. Kg2
Qf5 47. Kg1 c6 48. Qg7+ Kb8 49. bxc6 Qc8 50. Qe5+ Ka7 51. Qxe4 b5 52. Qd4+ Ka6
53. Qd7 1-0

[Event "Senioren 2018"]
[Site "Bad Woerishofen"]
[Date "2018.03.01"]
[Round "7"]
[White "Kozlov, Alexander"]
[Black "Mueller, Rudolf"]
[Result "0-1"]
[WhiteElo "2175"]
[BlackElo "2071"]
[PlyCount "56"]
[EventDate "2018.??.??"]
[WhiteTeam "Stuttgarter SF"]
[BlackTeam "Karlsruher SF"]

1. d4 b6 2. e4 e6 3. Nf3 Bb7 4. Bd3 c5 5. c3 cxd4 6. cxd4 Bb4+ 7. Bd2 Bxd2+ 8.
Qxd2 Ne7 9. Nc3 O-O 10. O-O f5 11. e5 Bxf3 12. gxf3 Ng6 13. Qe3 Qh4 14. Ne2 Nc6
15. f4 Nb4 16. Rad1 Nd5 17. Qg3 Ndxf4 18. Qxh4 Nxe2+ 19. Bxe2 Nxh4 20. Rc1 Rac8
21. f4 Ng6 22. Ba6 Rxc1 23. Rxc1 Nxf4 24. Rc7 Rd8 25. Rxa7 d6 26. Rb7 dxe5 27.
dxe5 Rd1+ 28. Bf1 Nd5 0-1

[Event "Senioren 2018"]
[Site "Bad Woerishofen"]
[Date "2018.03.01"]
[Round "7"]
[White "Leutz, Hans"]
[Black "Knischka, Walter"]
[Result "1/2-1/2"]
[WhiteElo "1957"]
[BlackElo "1807"]
[PlyCount "64"]
[EventDate "2018.??.??"]
[WhiteTeam "SV Ebersbach"]
[BlackTeam "SK Obergünzburg"]

1. d4 g6 2. Nf3 Bg7 3. c3 d6 4. Bg5 Nd7 5. Nbd2 h6 6. Bh4 g5 7. Bg3 e5 8. Qc2
Ne7 9. e3 a6 10. Bd3 b5 11. a4 bxa4 12. Rxa4 Bb7 13. O-O O-O 14. h3 f5 15. Qb3+
Bd5 16. Bc4 Nb6 17. Bxd5+ Nexd5 18. Ra5 e4 19. Rxd5 Kh8 20. Ne1 f4 21. Bh2 fxe3
22. fxe3 Rxf1+ 23. Kxf1 Qf6+ 24. Ke2 Rf8 25. Nxe4 Qe6 26. Nxg5 hxg5 27. Rb5 d5
28. Rc5 Nc4 29. Bg1 g4 30. Qc2 gxh3 31. gxh3 Bh6 32. Rxc4 dxc4 1/2-1/2

[Event "Senioren 2018"]
[Site "Bad Woerishofen"]
[Date "2018.03.01"]
[Round "7"]
[White "Niedermaier, Peter"]
[Black "Kalepky, Helmut"]
[Result "0-1"]
[WhiteElo "1817"]
[BlackElo "1974"]
[PlyCount "126"]
[EventDate "2018.??.??"]
[WhiteTeam "SU Ebersberg-Grafing"]
[BlackTeam "SF Heidesheim"]

1. e4 e5 2. Nf3 Nc6 3. Bb5 Bc5 4. O-O Nf6 5. Nxe5 Nxe5 6. d4 c6 7. Be2 Bb6 8.
dxe5 Nxe4 9. Nd2 Nc5 10. Nc4 O-O 11. Nxb6 axb6 12. b3 f6 13. Bb2 fxe5 14. Bxe5
d5 15. c4 Be6 16. Qd4 Qe7 17. cxd5 Bxd5 18. Bc4 Rad8 19. f4 b5 20. Bxd5+ Rxd5
21. Qb4 Qd7 22. Qc3 Nd3 23. Rab1 Re8 24. h3 Nxe5 25. fxe5 Rdxe5 26. Rbd1 Qe7
27. Rf3 Re1+ 28. Rxe1 Qxe1+ 29. Qxe1 Rxe1+ 30. Kh2 Re7 31. Rf2 Rd7 32. Kg3 Rf7
33. Rd2 Kf8 34. Rd8+ Ke7 35. Rd4 Ke6 36. Rd2 b4 37. Kh2 Rd7 38. Re2+ Kd6 39.
Rd2+ Kc7 40. Rf2 Re7 41. Kg3 Kb6 42. Rc2 Rf7 43. Kh2 c5 44. Kg3 h6 45. Rc4 Kc6
46. Rc2 b6 47. Kg4 g6 48. Kg3 Rf6 49. Rc4 Kd5 50. h4 b5 51. Rc2 c4 52. bxc4+
bxc4 53. Kg4 Kd4 54. g3 Kd3 55. Rb2 Rb6 56. Kf3 c3 57. Rh2 Rf6+ 58. Kg4 c2 59.
Rh1 Rc6 60. h5 gxh5+ 61. Kxh5 c1=Q 62. Rxc1 Rxc1 63. Kxh6 Ra1 0-1

[Event "Senioren 2018"]
[Site "Bad Woerishofen"]
[Date "2018.03.01"]
[Round "7"]
[White "Okrajek, Alexander"]
[Black "Rahn, Oskar"]
[Result "1-0"]
[WhiteElo "2207"]
[BlackElo "2048"]
[PlyCount "129"]
[EventDate "2018.??.??"]
[WhiteTeam "SC Siegburg"]
[BlackTeam "SK Frankenthal"]

1. d4 Nf6 2. Bg5 d5 3. Bxf6 exf6 4. e3 Bd6 5. c4 dxc4 6. Bxc4 O-O 7. Nc3 c6 8.
Nge2 Nd7 9. Qc2 Re8 10. O-O Nf8 11. Rad1 f5 12. a4 a5 13. Qb3 Qc7 14. g3 Ne6
15. Nf4 Rb8 16. Nxe6 Bxe6 17. d5 cxd5 18. Bxd5 Bb4 19. Bxe6 fxe6 20. Nb5 Qe7
21. Rd3 Rbd8 22. Rfd1 Rxd3 23. Rxd3 g6 24. Qd1 Qf6 25. b3 Kg7 26. Rd7+ Re7 27.
Rd8 Qe5 28. Rc8 Qf6 29. Qd8 Rf7 30. Qd3 Qa1+ 31. Kg2 Qe5 32. Kf3 g5 33. Qd4 g4+
34. Ke2 Qxd4 35. Nxd4 Kf6 36. f4 Rd7 37. Re8 Be7 38. Rh8 Bb4 39. Kd3 Rc7 40.
Nb5 Rd7+ 41. Nd4 Rc7 42. Re8 Kf7 43. Rxe6 Rc3+ 44. Ke2 Rxb3 45. Rb6 Rb2+ 46.
Kd3 Rxh2 47. Rxb7+ Kf6 48. Rb6+ Kf7 49. Nxf5 h5 50. e4 Ra2 51. e5 Rxa4 52. e6+
Kg8 53. e7 Bxe7 54. Nxe7+ Kf7 55. Nd5 Ra3+ 56. Nc3 h4 57. gxh4 g3 58. h5 Ra1
59. Rg6 Rh1 60. Rxg3 Rxh5 61. Ke4 Rc5 62. Nd5 a4 63. Ra3 Ra5 64. Nc3 Rc5 65.
Nxa4 1-0

[Event "Senioren 2018"]
[Site "Bad Woerishofen"]
[Date "2018.03.01"]
[Round "7"]
[White "Richter, Stefan"]
[Black "Meul, Willi"]
[Result "0-1"]
[WhiteElo "1698"]
[BlackElo "1930"]
[PlyCount "66"]
[EventDate "2018.??.??"]
[WhiteTeam "SZ Langenberg"]
[BlackTeam "SV Hürth-Berrenrath"]

1. e4 c5 2. Nf3 d6 3. Nc3 a6 4. b3 Nf6 5. Bb2 e6 6. Be2 Be7 7. d3 Nbd7 8. a4 b6
9. Rb1 O-O 10. Ng5 h6 11. Nf3 Bb7 12. h4 Qc7 13. Bf1 d5 14. Ng5 dxe4 15. Ncxe4
Nxe4 16. dxe4 Bf6 17. Bd3 Bxb2 18. Rxb2 Nf6 19. Qe2 Qe5 20. c4 hxg5 21. hxg5
Qxg5 22. e5 Qc1+ 23. Qd1 Qxd1+ 24. Kxd1 Rfd8 25. Ke2 Be4 26. Rd2 Bxd3+ 27. Rxd3
Rxd3 28. Kxd3 Rd8+ 29. Ke2 Ng4 30. f4 Rd4 31. g3 Nh6 32. Rd1 Rxd1 33. Kxd1 Nf5
0-1

[Event "Senioren 2018"]
[Site "Bad Woerishofen"]
[Date "2018.03.01"]
[Round "7"]
[White "Riedel, Lutz"]
[Black "Loew, Peter"]
[Result "0-1"]
[WhiteElo "2040"]
[BlackElo "2117"]
[PlyCount "124"]
[EventDate "2018.??.??"]
[WhiteTeam "SK Krumbach"]
[BlackTeam "SC Waldkraiburg"]

1. Nf3 g6 2. c4 Bg7 3. g3 e5 4. d3 d6 5. Bg2 Nf6 6. O-O O-O 7. Qc2 Nh5 8. Nc3
f5 9. a4 a5 10. Rb1 Nc6 11. e3 Nb4 12. Qd1 c6 13. Ne1 Be6 14. b3 Qb6 15. Ba3
Rad8 16. e4 Nf6 17. Nf3 Bc8 18. Qd2 Ng4 19. Na2 Bh6 20. Qe2 f4 21. Nxb4 axb4
22. a5 Qxa5 23. Bb2 c5 24. h3 Nf6 25. g4 Bg7 26. Nh2 g5 27. Nf3 h6 28. Ra1 Qc7
29. Nh2 Be6 30. Ra2 Nd7 31. Rfa1 Nb8 32. Nf3 Nc6 33. Kh2 Qd7 34. Nd2 Bf6 35.
Bf3 Kf7 36. Kg2 h5 37. Rh1 hxg4 38. hxg4 Rh8 39. Raa1 Ne7 40. Qd1 Ng6 41. Be2
Nh4+ 42. Kg1 Rh7 43. f3 Rdh8 44. Kf2 Kg6 45. Qg1 Rh6 46. Nf1 Qh7 47. Nd2 Bd7
48. Ra7 Bc6 49. Ra1 Qd7 50. Qb1 Kf7 51. Qg1 Ke7 52. Nf1 R8h7 53. Nd2 Qc8 54.
Qd1 Qh8 55. Qg1 Ng6 56. Rxh6 Rxh6 57. Nf1 Rh1 58. Qxh1 Qxh1 59. Nd2 Qh4+ 60.
Kg2 Qg3+ 61. Kf1 Nh4 62. Bc1 Ng2 0-1

[Event "Senioren 2018"]
[Site "Bad Woerishofen"]
[Date "2018.03.01"]
[Round "7"]
[White "Rothenhagen, Siegfried"]
[Black "Kirchner, Ulrich"]
[Result "1/2-1/2"]
[WhiteElo "1775"]
[BlackElo "1643"]
[PlyCount "58"]
[EventDate "2018.??.??"]
[WhiteTeam "Sportfr.Windach"]
[BlackTeam "SF Blaustein"]

1. d4 Nf6 2. Bf4 d5 3. e3 e6 4. Bd3 Bd6 5. Bg3 O-O 6. Nf3 b6 7. Nbd2 Ba6 8. Qe2
Bxd3 9. Qxd3 c5 10. c3 Nc6 11. Ne5 Rc8 12. Nxc6 Rxc6 13. Bxd6 Qxd6 14. O-O Ng4
15. f4 cxd4 16. exd4 Nf6 17. Rae1 b5 18. f5 b4 19. fxe6 fxe6 20. cxb4 Qxb4 21.
Nb3 Ne4 22. Rxf8+ Kxf8 23. Rf1+ Kg8 24. Qf3 Qe7 25. Qf4 Rc8 26. Nd2 Nxd2 27.
Qxd2 Rf8 28. Rxf8+ Kxf8 29. Qc3 Qb7 1/2-1/2

[Event "Senioren 2018"]
[Site "Bad Woerishofen"]
[Date "2018.03.01"]
[Round "7"]
[White "Schinnerl, Werner"]
[Black "Vonach, Bernhard"]
[Result "1-0"]
[WhiteElo "1866"]
[BlackElo "1938"]
[PlyCount "125"]
[EventDate "2018.??.??"]
[BlackTeam "Sportfr.Windach"]

1. e4 e5 2. Bc4 Nf6 3. d3 Nc6 4. c3 Na5 5. Nd2 Nxc4 6. Nxc4 d6 7. Nf3 Be7 8.
O-O O-O 9. Ne3 c6 10. h3 Re8 11. Nh2 d5 12. exd5 cxd5 13. Neg4 Nxg4 14. Nxg4
Bg5 15. Re1 Bxc1 16. Rxc1 f6 17. Qf3 Be6 18. Qg3 Kh8 19. Kh2 Rc8 20. b3 b5 21.
f4 Bxg4 22. Qxg4 Qc7 23. fxe5 Rxe5 24. Qg3 Rxe1 25. Qxc7 Rxc7 26. Rxe1 Kg8 27.
Rc1 Kf7 28. Kg3 Ke6 29. Kf4 h5 30. Re1+ Kd6 31. Rc1 g6 32. h4 a5 33. Ke3 g5 34.
hxg5 fxg5 35. Kd4 Rf7 36. Rc2 h4 37. Ke3 Rf4 38. g3 Rf6 39. gxh4 gxh4 40. Rh2
Rh6 41. Kf4 b4 42. c4 Kc5 43. Kg5 Rd6 44. Kxh4 dxc4 45. dxc4 a4 46. Kg4 axb3
47. axb3 Rd3 48. Rh5+ Kc6 49. Rh3 Rd1 50. Kf4 Kc5 51. Rh5+ Kc6 52. Rb5 Re1 53.
Rxb4 Kc5 54. Rb5+ Kd4 55. Kf5 Re2 56. Rd5+ Kc3 57. Re5 Rf2+ 58. Ke6 Kxb3 59. c5
Kb4 60. c6 Rh2 61. c7 Rc2 62. Kd6 Rc1 63. Rd5 1-0

[Event "Senioren 2018"]
[Site "Bad Woerishofen"]
[Date "2018.03.01"]
[Round "7"]
[White "Schmidt, Eugen"]
[Black "Speicher, Franz"]
[Result "1-0"]
[WhiteElo "1985"]
[BlackElo "1868"]
[PlyCount "77"]
[EventDate "2018.??.??"]
[WhiteTeam "SC Iffezheim"]
[BlackTeam "SV Dicker Turm Esslingen"]

1. e4 c6 2. d4 d5 3. exd5 cxd5 4. c4 Nf6 5. Nc3 Nc6 6. Nf3 Bg4 7. Be3 e6 8. a3
Ne4 9. cxd5 Nxc3 10. bxc3 exd5 11. Be2 Be7 12. O-O O-O 13. h3 Be6 14. Qd2 Na5
15. Rfb1 Qc8 16. Bd3 Nc4 17. Qc1 f6 18. Bd2 g5 19. Be1 g4 20. hxg4 Bxg4 21. Nh2
Be6 22. a4 Rf7 23. Nf1 f5 24. Bxc4 dxc4 25. Qf4 Rg7 26. Qe5 Qc6 27. Ne3 Rd8 28.
Rb5 Bc8 29. g3 Bd6 30. Qd5+ Kh8 31. Nxf5 Rg5 32. Qxc6 bxc6 33. Nxd6 Rg7 34. Rb8
Rc7 35. Rxc8 Rcxc8 36. Nf7+ Kg7 37. Nxd8 Rxd8 38. Rb1 Rd7 39. Bd2 1-0